000 00642nam a2200241Ia 4500
003 OSt
005 20221005084616.0
006 a|||||r|||| 00| 0
007 ta
008 221004b |||||||| |||| 00| 0 eng d
024 _a18690
037 _bGift, 03/06/2015,
_cTextual
040 _aCRL
_cCRL
_beng
041 _2eng
_aeng
082 _aV51y7C643, J5
100 _aLamb Harold
245 0 _aAlexander of Macedon
260 _aNew York
_bBantam Books USA
_c1955
300 _a307p.
_ccm.
650 _aHISTORY
942 _hV51y7C643, J5
_cTEXL
_2cc
999 _c992834
_d992834